000 00684nam a2200277Ia 4500
005 20260324135450.0
008 008 260324s9999 xx 000 0 eng d
020 _a9780429191442
037 _aEBOOK
040 _aCRL
040 _beng
040 _cCRL
041 _2eng
041 _aeng
084 _qCRL
100 _aGuanrong Chen; Trung Tat Pham
_91187803
245 0 _aIntroduction to Fuzzy Sets, Fuzzy Logic, and Fuzzy Control Systems
260 _bTaylor and Francis
260 _c2000
365 _a
365 _b385
856 _uhttp://www.taylorfrancis.com/books/9780429191442
942 _cEBOOK
999 _c1801782
_d1801782